[Event "Torino op 53rd"]
[Site "Torino"]
[Date "2024.01.05"]
[Round "6"]
[White "Pacini, Ermanno"]
[Black "Gallo, Ivan"]
[Result "1-0"]
[WhiteElo "2122"]
[BlackElo "2004"]
[PlyCount "61"]
[EventDate "2024.01.02"]
[EventType "swiss"]
[EventRounds "9"]
[EventCountry "ITA"]
[SourceTitle "CB02_2024"]
[SourceDate "2024.01.10"]
[SourceVersion "1"]
[SourceVersionDate "2024.01.10"]
[SourceQuality "1"]

1. Nf3 Nf6 2. c4 e6 3. Nc3 d5 4. e3 c5 5. cxd5 exd5 6. d4 Bg4 7. Qa4+ Bd7 8. Bb5 a6 9. Bxd7+ Qxd7 10. Qxd7+ Nbxd7 11. dxc5 Bxc5 12. Ke2 Rd8 13. Rd1 Nb8 14. b3 Nc6 15. Bb2 0-0 16. Na4 Ba7 17. Rac1 Rfe8 18. Nc5 Ne4 19. Nxb7 Rc8 20. Nd2 Nxf2 21. Kxf2 Bxe3+ 22. Kf1 Re6 23. Na5 d4 24. Rxc6 Rcxc6 25. Nxc6 Rxc6 26. Nc4 f5 27. Bxd4 Bf4 28. Be5 Bg5 29. Rd7 Bh6 30. Rd6 Rxd6 31. Nxd6 1-0

[Event "Grosseto op 2nd"]
[Site "Grosseto"]
[Date "2013.05.12"]
[Round "6"]
[White "Bruno, Fabio"]
[Black "Pacini, Ermanno"]
[Result "1-0"]
[WhiteElo "2433"]
[BlackElo "1869"]
[PlyCount "51"]
[EventDate "2013.05.09"]
[EventType "swiss"]
[EventRounds "6"]
[EventCountry "ITA"]
[SourceTitle "CBM 154 Extra"]
[Source "ChessBase"]
[SourceDate "2013.06.25"]
[SourceVersion "2"]
[SourceVersionDate "2013.06.25"]
[SourceQuality "1"]

1. c4 e5 2. g3 Nc6 3. Bg2 Nf6 4. Nc3 Bc5 5. e3 d5 6. Nxd5 Nxd5 7. cxd5 Nb4 8. Qa4+ Bd7 9. Qb3 c6 10. d4 exd4 11. exd4 Qe7+ 12. Ne2 Bxd4 13. 0-0 Bc5 14. Nc3 cxd5 15. a3 Nd3 16. Nxd5 Nxc1 17. Raxc1 Qd6 18. Qxb7 0-0 19. Rxc5 Qxc5 20. Qxd7 Rad8 21. Qf5 Qd4 22. Ne7+ Kh8 23. Nc6 Qd7 24. Qc5 Rc8 25. Qxa7 Qd2 26. Qd4 1-0

[Event "Cesenatico op 16th"]
[Site "Cesenatico"]
[Date "2012.09.06"]
[Round "6"]
[White "Colovic, Aleksandar"]
[Black "Pacini, Ermanno"]
[Result "1-0"]
[WhiteElo "2449"]
[BlackElo "1836"]
[PlyCount "29"]
[EventDate "2012.09.01"]
[EventType "swiss"]
[EventRounds "9"]
[EventCountry "ITA"]
[SourceTitle "CBM 150 Extra"]
[Source "ChessBase"]
[SourceDate "2012.10.19"]
[SourceVersion "1"]
[SourceVersionDate "2012.10.19"]
[SourceQuality "1"]

1. d4 d5 2. c4 c6 3. cxd5 cxd5 4. Nc3 Nf6 5. Bf4 Nc6 6. e3 a6 7. Bd3 Bg4 8. Nge2 e6 9. 0-0 Bd6 10. f3 Bh5 11. Na4 Rc8 12. Rc1 b5 13. Bxd6 Qxd6 14. Nc5 Nb4 15. Nb7 1-0